| 000 | 00784nam a2200241 i 4500 | ||
|---|---|---|---|
| 001 | 16471 | ||
| 003 | ES-MaACL | ||
| 005 | 20250827231408.0 | ||
| 007 | t| | ||
| 008 | 000926s1985 sp ||||1| spa d | ||
| 020 | _a84-505-7515-X | ||
| 080 | _a1 Sánchez, Francisco (1550-1623) | ||
| 080 | _a165.72 | ||
| 100 | 1 |
_aSuárez Dobarrio, Fernando. _9108615 |
|
| 245 | 1 | 0 |
_aFrancisco Sánchez y el escepticismo de su tiempo / _cFernando Suárez Dobarrio. |
| 260 |
_aOrense : _bCaja de Ahorros Provincial, _c1985. |
||
| 300 |
_a173 p. ; _c25 cm. |
||
| 600 | 1 | 4 |
_aSánchez, Francisco, _d1550-1623 _9102365 |
| 650 | 1 | 7 |
_aEscepticismo _2embne _912353 |
| 710 | 2 |
_aCaja de Ahorros Provincial de Orense. _92311 |
|
| 852 |
_aES-MaACL _jG-2192 _bR.115605 |
||
| 999 |
_c16471 _d16471 |
||